00454nam a2200157Ia 4500003000900000008004100009020001800050040001600068080001300084100002000097245008100117260004800198300001300246650001800259650001900277IN-BaIIA211028s9999 xx 000 0 eng d a0-521-08202-1 cIIA Library aGENbAND aAnderson, M. D. 0aBook IndexingcM. D. Anderson  aCambridgebCambridge University Pressc1980 aiv, 36p. aBook Indexing aNASA Thesaurus